Daily Country Riddle #39 - Statistics

General Stats
  • This quiz has been taken 226 times
  • The average score is 15 of 19
Answer Stats
Type Answer % Correct
Found Letter A
100%
Correctly Placed Letter A
99%
Found Letter A
93%
Found Letter E
93%
Found Letter T
93%
Found Letter U
93%
Found Letter L
92%
Found Letter A
84%
Correctly Placed Letter T
83%
Correctly Placed Letter U
83%
Found Letter G
82%
Correctly Placed Letter L
77%
Found Letter M
70%
Correctly Placed Letter A
68%
Correctly Placed Letter A
68%
Correctly Placed Letter E
68%
Correctly Placed Letter G
68%
Mystery Country Guatemala
68%
Correctly Placed Letter M
68%
No matching quizzes found
Score Distribution
Percent of People with Each Score
Percentile by Number Answered
Your Score History
You have not taken this quiz